000
00316nam a2200133Ia 4500
008
230511s1977 xx 000 0 und d
041
_a
eng
082
_a
340.1
100
_a
Jams Steintrager
245
_a
Bentham
260
_a
London
_b
George G.Harrap & Co Ltd
_c
1977
300
_a
133
906
_a
Jurisprudence
999
_c
354099
_d
354099